000 00725nam a22001817a 4500
005 2012020109139.0
020 _c550.00
_a8174873287
035 _aB-101146
037 _b
_adpl
082 _a030.954
100 _a
_940533
245 1 _aभूगोल (प्रादे्शिक-नगरीय) कोश /
_c
260 _aदिल्ली
_bराधा पब्लिकेशन्स
_c2004
270 _a
_b
_e
_k
300 _a348पृ.
_c22सेमी (सजिल्द)
942 _adpl
_cHN
_k
_2ddc
_h030.954
_mभूगोल
999 _c61757
_d61757